Capitals Without the Letters of “Ankara” - Statistics

General Stats
  • This quiz has been taken 6 times
  • The average score is 5 of 10
Answer Stats
Continents Capitals % Correct
North America Mexico City
67%
Europe Moscow
67%
Europe Oslo
67%
South America Quito
67%
Asia Seoul
67%
Africa Lomé
50%
Asia Dili
33%
Asia Thimphu
33%
Africa Djibouti
17%
Asia Tbilisi
17%
No matching quizzes found
Score Distribution
Percent of People with Each Score
Percentile by Number Answered
Your Score History
You have not taken this quiz